01074cam a22002651 4500001001300000003000400013005001700017008004100034010001700075035001900092040004100111042001200152050001400164100002000178245003000198260011100228300001800339490007800357500001700435500015100452651004900603651004900652650003100701830007600732sd 65000003 DLC20260227112737.0771007s1965 dcu f000 0 eng c asd 65000003  a(OCoLC)3324765 aU. S. Dept. of StatecMHdOCoLCdDLC apremarc00aE840b.B31 aBall, George W.14aThe dangers of nostalgia. a[Washington]bDept. of State; [for sale by the Superintendent of Documents, U.S. Govt. Print. Off.,c1965] a15 p.c19 cm.1 aDepartment of State publication 7858. General foreign policy series,v201 aCover title. a"Based on an address ... before the National Foreign Policy Conference for Nongovernmental Organizations at Washington, D. C., on March 16, 1965." 0aUnited StatesxForeign relationsy1961-1963. 0aUnited StatesxForeign relationsy1963-1969. 0aWorld politicsy1955-1965. 0aDepartment of State publication.pGeneral foreign policy series ;v201.